Statistics for North American Cities Whose Most Recent Championship is an NBA Title

Click here to take the quiz!

General Stats

  • This quiz has been taken 71 times
    (41 since last reset)
  • The average score is 6 of 10

Answer Stats

City% Correct
Cleveland
87%
Miami
87%
Milwaukee
74%
Dallas
71%
San Antonio
71%
San Francisco
71%
Toronto
65%
Portland
39%
Rochester
3%
Syracuse
3%

Score Distribution

Percentile by Number Answered

Percent of People with Each Score

Your Score History

You have not taken this quiz since the last reset